Central Library OPAC University of Rajshahi

The diary of George Templeton Strong : (Record no. 27594)

MARC details
000 -LEADER
fixed length control field 01374cam a2200337 4500
001 - CONTROL NUMBER
control field 27594
003 - CONTROL NUMBER IDENTIFIER
rucl marc code BD-RjUL
005 - DATE AND TIME OF LATEST TRANSACTION
control field 20211209051157.0
008 - FIXED-LENGTH DATA ELEMENTS--GENERAL INFORMATION
fixed length control field 140325s1952 nyua 001 0aeng d
020 ## - INTERNATIONAL STANDARD BOOK NUMBER
International Standard Book Number 0374960941
035 ## - SYSTEM CONTROL NUMBER
System control number (BD-RjUL)27668
040 ## - CATALOGING SOURCE
Original cataloging agency DLC
Transcribing agency DLC
Modifying agency DLC
Language of cataloging eng
041 ## - LANGUAGE CODE
Language code of text/sound track or separate title eng
082 00 - DEWEY DECIMAL CLASSIFICATION NUMBER
Classification number 917.4710330924
Author mark and year STD V-1 1952
100 1# - MAIN ENTRY--PERSONAL NAME
Personal name Strong, George Templeton,
Dates associated with a name 1820-1875.
9 (RLIN) 84743
245 14 - TITLE STATEMENT
Title The diary of George Templeton Strong :
Statement of responsibility, etc. Edited by Allan Nevins and Milton Halsey Thomas.
Remainder of title Young Man in New York 1835-1849 /
Number of part/section of a work Volume 1
260 ## - PUBLICATION, DISTRIBUTION, ETC. (IMPRINT)
Place of publication, distribution, etc. New York :
Name of publisher, distributor, etc. The Macmillam Co. ,,
Date of publication, distribution, etc. c1952.
300 ## - PHYSICAL DESCRIPTION
Pagination 391p. :
Illustrations illus.
Size 24 cm.
500 ## - GENERAL NOTE
General note Reprint of the ed. published by Macmillan, New York.
504 ## - BIBLIOGRAPHY, ETC. NOTE
Bibliography, etc Includes Index
505 0# - FORMATTED CONTENTS NOTE
Formatted contents note 1. Young man in New York, 1835-1849. 2. The turbulent fifties, 1850-1859. 3. The Civil War, 1860-1865.--4. Post-war years, 1865-1875.
600 10 - SUBJECT ADDED ENTRY--PERSONAL NAME
Personal name Strong, George Templeton,
Dates associated with a name 1820-1875.
651 #0 - SUBJECT ADDED ENTRY--GEOGRAPHIC NAME
Geographic name United States
General subdivision Politics and government
Chronological subdivision 19th century.
9 (RLIN) 56032
Geographic name New York (N.Y.)
General subdivision Social life and customs
Chronological subdivision 19th century.
9 (RLIN) 84165
Geographic name United States
General subdivision History
Chronological subdivision Civil War, 1861-1865
General subdivision Personal narratives.
9 (RLIN) 84166
700 1# - ADDED ENTRY--PERSONAL NAME
Personal name Nevins, Allan
942 ## - ADDED ENTRY ELEMENTS (KOHA)
Source of classification or shelving scheme Dewey Decimal Classification
Koha item type Books
Holdings
Lost status Source of classification or shelving scheme Damaged status Not for loan Collection code Permanent Location Current Location Shelving location Date acquired Source of acquisition Total Checkouts Full call number Date last seen Copy number Koha item type
  Dewey Decimal Classification   Added to bundle Non-fiction Central Library, University of Rajshahi Central Library, University of Rajshahi Reading Room 26/02/1958 U. S. I .S. Dhaka Gift   917.4710330924 STD V-1 1952 25/03/2014 C-1 Books